Chansons de SCH - Statistiques

Statistiques générales
  • Ce quiz a été pris 919 fois
    270 depuis la dernière actualisation
  • Le résultat moyen est 83 sur 226
Statistiques - réponses
Album Chanson % Correct
A7 A7
96%
Anarchie Anarchie
83%
A7 Fusil
81%
A7 John Lennon
80%
JVLIVS III : Ad Finem Interlude - Jour d'octobre
77%
A7 Gomorra
76%
JVLIVS III : Ad Finem Interlude - Avversita
76%
Autobahn Autobahn
75%
Rooftop Interlude
75%
A7 Champs-Elysées
74%
JVLIVS Otto
72%
Deo Favente La nuit
71%
JVLIVS Ciel rouge
70%
A7 Liquide
68%
JVLIVS II Marché noir
68%
JVLIVS Prequel : Giulio Prequel
67%
JVLIVS VNTM
67%
JVLIVS Prêt à partir
64%
JVLIVS Bénéfice
63%
Anarchie Himalaya
63%
Anarchie Allo maman
62%
JVLIVS Prequel : Giulio Ciel bleu
62%
Anarchie Je la connais
62%
JVLIVS II Loup noir
62%
JVLIVS Prequel : Giulio Cannelloni
61%
JVLIVS Pharmacie
61%
A7 Solides
61%
Feat 13 Organisé Bande organisée
60%
JVLIVS III : Ad Finem Deux mille
60%
JVLIVS Le code
60%
A7 Pas de manières
60%
JVLIVS Skydweller
60%
JVLIVS III : Ad Finem 02:00
58%
JVLIVS Ivresse & Hennessy
58%
JVLIVS III : Ad Finem La pluie
58%
Rooftop R.A.C.
58%
A7 Genny & Ciiro
57%
JVLIVS III : Ad Finem Lumière blanche
57%
JVLIVS II Mannschaft
57%
JVLIVS II Mode akimbo
57%
JVLIVS Prequel : Giulio Les hommes aux yeux noirs
56%
Deo Favente Comme si
55%
A7 Gedeon
55%
Anarchie | Feat Sfera Ebbasta Cartine Cartier
54%
JVLIVS II Crack
54%
JVLIVS III : Ad Finem Missiles
54%
JVLIVS III : Ad Finem Soldi famiglia
54%
JVLIVS III : Ad Finem Stigmates
54%
Anarchie Dix-neuf
53%
JVLIVS Prequel : Giulio Garcimore
53%
JVLIVS III : Ad Finem Intro - Ego Sum
53%
Anarchie Le doc
53%
Feat Naza Mauvais
53%
Rooftop Mayday
53%
Rooftop Baden Baden
51%
A7 Drogue prohibée
51%
Deo Favente Poupée Russe
51%
JVLIVS II Tempête
51%
JVLIVS Tokarev
51%
Deo Favente 6.45I
50%
JVLIVS Prequel : Giulio Crois-moi
50%
Autobahn LIF
50%
Deo Favente Mac 11
50%
Deo Favente Météore
50%
JVLIVS Prequel : Giulio Beaux-arts
49%
Rooftop Cervelle
49%
A7 J'reviens de loin
49%
A7 Rêves de gosses
49%
JVLIVS III : Ad Finem Miroirs
48%
JVLIVS Prequel : Giulio Calabre
47%
Feat Hamza Fade Up
47%
JVLIVS III : Ad Finem Le taulier
46%
JVLIVS Mort de rire
46%
Anarchie Murcielago
46%
Anarchie Neuer
46%
Deo Favente Nino Brown
46%
JVLIVS III : Ad Finem Rose noire
46%
JVLIVS II Fournaise
45%
Autobahn Magnum
44%
A7 Mauvaises idées
44%
Deo Favente Ca va
43%
JVLIVS II Fantôme
43%
JVLIVS Prequel : Giulio Gris
43%
JVLIVS Prequel : Giulio Hells Kitchen
43%
JVLIVS Incompris
43%
JVLIVS II Mafia
43%
Rooftop Petit coeur
43%
JVLIVS III : Ad Finem Quartiers nord
43%
JVLIVS II Alluminium
42%
Rooftop Ca ira
42%
JVLIVS II Euro
42%
Deo Favente Pas la paix
42%
Deo Favente Temps mort
42%
Rooftop Haut standing
41%
Autobahn Actes
40%
JVLIVS Prequel : Giulio Balafres
40%
JVLIVS Prequel : Giulio Batterie vide
40%
Rooftop Ciment
40%
JVLIVS II Corrida
40%
JVLIVS Facile
40%
JVLIVS Prequel : Giulio Jimmy Twice
40%
Feat Zola 9 1 1 3
39%
JVLIVS II Gibraltar
39%
Feat PLK Hier
39%
Deo Favente J'attends
39%
JVLIVS J't'en prie
39%
JVLIVS Prequel : Giulio La recette
39%
Deo Favente Les années de plomb
39%
Deo Favente Ma kush
39%
Autobahn Niobe
39%
JVLIVS Prequel : Giulio Quoi
39%
Anarchie Trop énorme
39%
JVLIVS III : Ad Finem Dans la tête
38%
JVLIVS II Grand bain
38%
JVLIVS III : Ad Finem Multirécidiviste
38%
JVLIVS II Parano
38%
Rooftop Tant pis
38%
JVLIVS II Zone à danger
38%
Deo Favente Day date
37%
Autobahn Lilou Dallas
37%
Autobahn Marginaux
37%
Anarchie Quand on était momes
37%
Rooftop Super Silver Haze
37%
Rooftop Ah gars
36%
Rooftop All Eyes On Me
36%
Feat Hamza HS
35%
JVLIVS Prequel : Giulio Le baptême
35%
Autobahn Transmission automatique
35%
Feat Naps La danse des bandits
34%
JVLIVS II Raisons
34%
JVLIVS II Assoces
33%
Rooftop Solitude
33%
Rooftop Tirer un trait
33%
Anarchie Alleluia
32%
Anarchie Essuie tes larmes
32%
Feat Jul Mother Fuck
32%
Autobahn Blanc Bleu
31%
Autobahn Blue Bahamas
31%
Feat Kaaris Cigarette
31%
JVLIVS III : Ad Finem D'hier à aujourd'hui
31%
Feat Soso Maness Les derniers marioles
31%
JVLIVS II Plus rien à se dire
31%
Deo Favente Slow Mo
31%
Rooftop Frime
30%
JVLIVS Interlude - 420 mètres
30%
Deo Favente Allez leur dire
29%
Rooftop Every Day
29%
JVLIVS Intro - Le déluge
29%
Feat Classico Organisé Le classico organisé
29%
Rooftop Paye
29%
JVLIVS Prequel : Giulio L'Opinel
28%
Feat Rim'K et Koba LaD Valise
28%
Feat GIMS et Jul GJS
27%
Autobahn Vivienne Westwood
27%
Feat Vald Dernier retrait
26%
Feat Vald Halloween
26%
Autobahn 83K
25%
Autobahn Coeur de môme
25%
JVLIVS Prequel : Giulio La renaissance
25%
R.I.P.R.O Vol,1 Millions
25%
Single hors album Morpheus
25%
JVLIVS Interlude - Beretta 92FS
24%
JVLIVS II La battue
23%
Autobahn Offshore
23%
Feat Lefa Smile
23%
Feat Sofiane American Airlines
22%
Single hors album Booska Prequel
20%
Feat Niska Mauvais payeur
20%
Rooftop DLB
18%
Feat 13 Block Pavel
18%
Feat L'Algérino et Jul Sapapaya
18%
Feat Twinsmatic X2
18%
Feat PLK Incontrolables
17%
Rooftop Innocents
17%
JVLIVS II Le coup d'avance
17%
Feat Soolking Tiki taka
17%
Booska Pefra, vol.3 BooskAnarchie
16%
Feat Farid Bang, 6ix9ine & Capo INTERNATIONAL GANGSTAS
15%
Feat 13 Organisé Je suis Marseille
15%
JVLIVS III : Ad Finem Anamèse
14%
Feat Hooss Aniki, mon frère
14%
Feat Bosh Business
14%
Feat Zeg P, Alonzo & Josman Juste une minute
14%
Feat 13 Organisé L'étoile sur le maillot
14%
Feat Dinos Ma Baby
14%
Feat Soolking Maryline
14%
Feat Le A Secteur
14%
Feat 13 Organisé Bande organisée 2
13%
Feat Sadek La paresse
13%
Feat Da Uzi Ni amour ni amitié
13%
Feat Lacrim et Sadek 6.35
12%
Feat DJ Quick et Alonzo Diamant
12%
Feat Soso Maness Va jober
12%
Feat Naps Dreamlife
11%
Feat Sadek et Ninho Kimono
11%
Feat Dospunto POISON
11%
Feat Rim'K Rien de lavable
11%
Feat 13 Organisé 13 Organisé
10%
Feat Sfera Ebbasta Balenciaga
10%
Feat Kofs Caractère
10%
Feat Naps Coffre-fort
10%
Feat le A Cursus
10%
Feat Da Uzi et Ninho La vie du binks
10%
Feat Kaaris et Worm's T Où sont les €
10%
Feat Guirri Mafia Comme un dream
9%
Feat RK Diva
9%
Feat Sfera Ebbasta XNX
9%
Feat Classico Organisé Légendaire
8%
Feat Fresh Spéciale
8%
Feat Naps, Jul et Kalif Hardcore Avengers
7%
Feat Alonzo Goyard
7%
Feat Kore, Lapso Laps, Lacrim et Sadek Mon frelo
7%
Feat Kore et Lacrim Tony
6%
Booska Pefra, vol.2 Booskalpel
5%
Feat 13 Organisé C'est maintenant
5%
Feat Alonzo, Soprano et Jul Planète Mars 2021
5%
Feat Niro Solvable, Partie 1
5%
Feat Classico Organisé C'est pas un film
3%
Chroniques de Mars 3 (feat Akhenaton) Chiens fantômes
3%
Feat Akhenaton Chiens Fantômes
3%
Feat Lacrim, Rimkus et Walid On y est
3%
Booska Pefra, vol.4 Bossa Fa-vente
1%
Booska Pefra, vol.1 La palette
1%
Feat 7osma et B.B Jacques Eclair D'or
0%
Feat Barbe Noir et Sadek Gang 20
0%
Aucun quiz correspondant
Distribution des résultats
% des personnes avec chaque résultat
Percentile par nombre de réponses
Votre historique - résultats
Vous n’avez pas pris ce quiz depuis la dernière actualisation